Регионална библиотека "Любен Каравелов" - Русе

Бунт на Владетеля. Лето 863 (Запис номер 164358)

MARC детайли
000 -Лидер
Контролно поле с фиксирана дължина 00908nam a2200265 c 4500
003 - Код на организацията, давaща контролен номер
Контролно поле BLK
005 - Дата и час на последна редакция
Контролно поле 20180422114003.0
008 - Елементи от данни с фиксирана дължина
fixed length control field 180410b bul|||||r ||||||| ||bul||
010 ## - Наследен системен номер
LC control number KNG00171868000
040 ## - Източник на каталожния запис
Идентификатор на билиотеката - собственик на записа BLK
041 ## - Код за език
Код за езика на текст/звукозапис или на отделно заглавие Български
Код за езика КДБФ Български
080 ## - УДК
Текстов определител УДК Българска литература
УДК код - определител по УДК 821.163.2
УДК определител -311.6
УДК - код + определител 821.163.2-311.6
100 1# - Редна дума - Автор
Автор Вълчев, Йордан Тодоров
Авторска отговорност първи автор
R(LIN) 363282
139 ## - Редно поле
Редна дума Вълчев, Йордан Тодоров
Авторски знак Вълч - В 95
245 10 - Сведения за заглавието
Заглавие Бунт на Владетеля. Лето 863
Подзаглавни данни Ист. роман
Редно поле (дума) Йордан Тодоров Вълчев.
257 ## - Страна на издаване
Страна на създаване/издаване България
260 ## - Област на издателските данни
-- София
Име на издателя, разпространителя и проч. Бълг. писател
Година на издаване 1967
300 ## - Физическа характеристика
Страници 273 с.
Размери/Мащаб 20 см
380 ## - Жанр
Жанр Худож. лит.
852 ## - Местоположение
Форматна сигнатура Цб I 9041
856 4# - Електронен адрес и достъп
Електронен формат pdf - файл
Път до файла /url/
856 4# - Електронен адрес и достъп
Електронен формат pdf - файл
Път до файла /url/
942 ## - АРТИКУЛИ
Вид на библиотечния материал Книги
Скрит в OPAC Не
944 ## - СЪЗДАВАНЕ И РЕДАКЦИЯ на ЗАПИСА
Създаване/Редакция Създаване
Дата на регистрацията/редакция 21.02.2015
Служител, извършил регистрацията/редакцията Милена_Ачева
944 ## - СЪЗДАВАНЕ И РЕДАКЦИЯ на ЗАПИСА
Създаване/Редакция Редакция
Дата на регистрацията/редакция 21.02.2015
Служител, извършил регистрацията/редакцията Милена_Ачева
999 ## - СИСТЕМНИ КОНТРОЛНИ НОМЕРА
Koha biblionumber 164358
Koha biblioitemnumber 164358
Наличности
Код за отписване Код за изгубен артикул Източник на класификационната схема Код за повреда Коз за рестрикции Код за отдаване Артикулен № Име на библиотеката - собственик Име на библиотеката, в която се намира в момента Статус (Текущо местоположение) Дата на вписване в системата Местоположение - отдел Цена в лева Инвентарен номер Систематично азбучна сигнатура Баркод Номер на екземпляра Цена в евро Служебна бележка Служебен тип на артикула Бележка за публиката
  Не е изгубен Universal Decimal Classification Не е повреден само за читалня ползва се в читалня 276274 Регионална библиотека "Любен Каравелов" Русе Регионална библиотека "Любен Каравелов" Русе Хранилище 1967-01-01 Хранилище 0.69 6257/67 Цб I 9041 900000029621 1 0.35 Дост: Dp Вид: Д N: стар фонд Дата: 01.01.1967 Книги  
Изтеглен Не е изгубен Universal Decimal Classification Не е повреден без рестрикции заемане за дома 276275 Регионална библиотека "Любен Каравелов" Русе Регионална библиотека "Любен Каравелов" Русе Заемна - подръчен фонд 1967-01-01 Заемна - подръчен фонд 0.00 5810/67 П 886.7-31/В 95 5810/67 2 0.00 Вид: Сф N: стар фонд Дата: 01.01.1967 Книги  
Изтеглен Не е изгубен Universal Decimal Classification Не е повреден без рестрикции заемане за дома 276276 Регионална библиотека "Любен Каравелов" Русе Регионална библиотека "Любен Каравелов" Русе Заемна - подръчен фонд 1967-01-01 Заемна - подръчен фонд 0.00 5811/67 П 886.7-31/В 95 5811/67 3 0.00 Вид: Сф N: стар фонд Дата: 01.01.1967 Книги  
Изтеглен Не е изгубен Universal Decimal Classification Не е повреден без рестрикции заемане за дома 276277 Регионална библиотека "Любен Каравелов" Русе Регионална библиотека "Любен Каравелов" Русе Заемна - подръчен фонд 1967-01-01 Заемна - подръчен фонд 0.00 5812/67 П 886.7-31/В 95 5812/67 4 0.00 Вид: Сф N: стар фонд Дата: 01.01.1967 Книги  
Изтеглен Не е изгубен Universal Decimal Classification Не е повреден без рестрикции заемане за дома 276278 Регионална библиотека "Любен Каравелов" Русе Регионална библиотека "Любен Каравелов" Русе Заемна - подръчен фонд 1967-01-01 Заемна - подръчен фонд 0.00 5813/67 П 886.7-31/В 95 5813/67 5 0.00 Вид: Сф N: стар фонд Дата: 01.01.1967 Книги  
Изтеглен Не е изгубен   Не е повреден без рестрикции заемане за дома 276279 Регионална библиотека "Любен Каравелов" Русе Регионална библиотека "Любен Каравелов" Русе   1967-01-01 Детски отдел 0.69 5868/67 ДХ 886.7/В 95 5868/67 6 0.35 Вид: Сф N: стар фонд Дата: 01.01.1967 Дата инв: 01.09.2015 Бележки инв: Д2015 Книги Отч.N: 25/2017 , Дата: 11.08.2017
Vip Innovations Ltd, Rousse, Bulgaria 2025